| 000 | 00621nam a2200205 a 4500 | ||
|---|---|---|---|
| 001 | 12718 | ||
| 003 | CO-ViMGA | ||
| 008 | 141112s2004 ck r 000 u spa d | ||
| 020 | _a8434422115 | ||
| 040 |
_aCO-ViMGA _bspa _cCO-ViMGA |
||
| 082 | 0 | 4 | _a306.4 P717 |
| 100 | 1 |
_aPrats, Llorenc _918368 |
|
| 245 | 1 | 0 | _aAntropología y patrimonio |
| 260 |
_aBarcelona : _bAriel, _c1997 |
||
| 300 | _a171p. | ||
| 590 | _aForma de adquisición : COMPRA - - Precio : 33.000 - - Proveedor : FIS - - Fecha de adquisición : 23 - 08 - 2000 | ||
| 650 | 1 | 4 |
_aANTROPOLOGIA SOCIAL _949202 |
| 650 | 1 | 4 | _aPATRIMONIO CULTURAL |
| 942 |
_2ddc _cBK |
||
| 999 |
_c23663 _d23663 |
||